Państwa z największą ilością McDonaldów - Statystyki

Ogólne statystyki
  • Ten quiz został rozwiązany 51 949 razy
    9 932 od ostatniego zresetowania
  • Średni wynik to 15 z 20
Statystyki odpowiedzi
# Państwo % Poprawnych
13 257 Stany Zjednoczone
100%
492 Polska
98%
1 438 Niemcy
95%
1 500 Francja
94%
1 400 Kanada
93%
550 Hiszpania
92%
3 500 Chiny
90%
1 300 Wielka Brytania
86%
1 031 Brazylia
85%
2 900 Japonia
85%
402 Meksyk
85%
640 Włochy
85%
304 Indie
75%
981 Australia
74%
447 Korea Południowa
62%
275 Republika Południowej Afryki
51%
378 Arabia Saudyjska
35%
655 Filipiny
32%
282 Malezja
23%
413 Tajwan
22%
Nie znaleziono quizów pasujących do podanych kryteriów
Rozkład punktacji
Procent ludzi z każdym wynikiem
Percentyl według liczby udzielonych odpowiedzi
Twoja historia wyników
Nie rozwiązałeś tego quizu od ostatniego zresetowania